[Event "WJun"]
[Site "Nakhchivan AZE"]
[Date "2003.06.26"]
[Round "7"]
[White "Osttveit,M"]
[Black "Baladjaev,G"]
[Result "1/2-1/2"]
[WhiteElo "2084"]
[BlackElo "2177"]
[EventDate "2003.06.22"]

1. e4 c5 2. Nc3 Nc6 3. f4 g6 4. Nf3 Bg7 5. Bb5 Nd4 6. Bd3 Nc6 7. Bb5 Nd4 8.
Bd3 Nc6 9. Bb5 Na5 10. d3 a6 11. Bc4 Nxc4 12. dxc4 d6 13. O-O Be6 14. Qe2
Nf6 15. h3 O-O 16. Be3 b5 17. Nd2 b4 18. Nd5 Nxd5 19. cxd5 Bd7 20. Nc4 Bb5
21. Rab1 e6 22. Rfd1 exd5 23. Rxd5 Qe7 24. e5 dxe5 25. Bxc5 Qe6 26. Rbd1
exf4 27. Qxe6 fxe6 28. Bxf8 exd5 29. Bxg7 Kxg7 30. Nb6 Rb8 31. Nxd5 Rd8 32.
Rd4 Kh6 33. c4 bxc3 34. bxc3 g5 35. Kf2 Re8 36. c4 Ba4 37. Nc3 Bc2 38. c5
Re3 39. Nd5 Ra3 40. Nb4 Bg6 41. Rd2 a5 42. Nd5 Be4 43. Nf6 Ba8 44. Ng4+ Kg7
45. Ne5 Rc3 46. Nd7 Bc6 47. Kg1 Rc1+ 48. Kh2 h6 49. Rd6 Bxd7 50. Rxd7+ Kf6
51. Rd6+ Kf5 52. Rxh6 Rxc5 53. Ra6 Ke4 54. Kg1 Kd3 55. a4 Kc4 56. Rb6 Kd4
57. Kf2 Rc2+ 58. Kf3 Rc3+ 59. Kf2 Ra3 60. Rg6 Rxa4 1/2-1/2

[Event "WJun"]
[Site "Nakhchivan AZE"]
[Date "2003.06.28"]
[Round "8"]
[White "Gashimov,V"]
[Black "Zubov,A UKR"]
[Result "1/2-1/2"]
[WhiteElo "2579"]
[BlackElo "2494"]
[EventDate "2003.06.22"]

1. c4 Nf6 2. g3 c6 3. Nf3 d5 4. b3 Bg4 5. Bg2 e6 6. O-O Be7 7. Bb2 O-O 8.
h3 Bh5 9. d3 Nbd7 10. Nbd2 a5 11. a3 Ne8 12. Rc1 Bg6 13. Rc2 h6 14. Qa1 Bf6
15. Ne5 Nxe5 16. Bxe5 Bxe5 17. Qxe5 Nf6 18. Nf3 Qb6 19. Qb2 Nd7 20. Rfc1
Ra7 21. Qc3 Rfa8 22. Rd2 Qc5 23. Qb2 Qe7 24. e4 Nc5 25. cxd5 exd5 26. Ne5
dxe4 27. Nxg6 fxg6 28. dxe4 a4 29. bxa4 Rxa4 30. Qc2 Ne6 31. e5 Nf8 32.
Qb3+ Kh7 33. Rb1 R8a7 34. Qd3 Qxe5 35. Qd8 Ne6 36. Qe8 Qf5 37. Rbd1 Ra8 38.
Qe7 Rxa3 39. Qxb7 Ra1 40. Qxc6 Rxd1+ 41. Rxd1 Ra2 42. Qf3 Ng5 43. Qxf5 gxf5
44. Rd5 g6 45. h4 Ra1+ 46. Kh2 Ne4 47. Bxe4 fxe4 48. g4 Ra3 49. Rd7+ Kg8
50. Rd6 Kg7 51. Re6 Rf3 52. Kg2 Rf4 53. Kg3 1/2-1/2

[Event "WJun"]
[Site "Nakhchivan AZE"]
[Date "2003.06.28"]
[Round "8"]
[White "Izoria,Z"]
[Black "Ganguly,S"]
[Result "1/2-1/2"]
[WhiteElo "2569"]
[BlackElo "2542"]
[EventDate "2003.06.22"]

1. d4 d5 2. c4 dxc4 3. e3 Nf6 4. Bxc4 e6 5. Nf3 c5 6. O-O a6 7. a4 Nc6 8.
Qe2 cxd4 9. Rd1 Be7 10. exd4 O-O 11. Nc3 Nb4 12. Ne5 Bd7 13. Bg5 Bc6 14.
Nxc6 bxc6 15. a5 Nfd5 16. Bxe7 Qxe7 17. Na4 Nc7 18. Nc5 Nb5 19. Qd2 Nd5 20.
g3 Rfd8 21. Rac1 Ndc7 22. Qe3 h6 23. Bf1 Nd5 24. Qf3 Ra7 1/2-1/2

[Event "WJun"]
[Site "Nakhchivan AZE"]
[Date "2003.06.28"]
[Round "8"]
[White "Azarov,S"]
[Black "Schneider,Dm"]
[Result "1-0"]
[WhiteElo "2530"]
[BlackElo "2424"]
[EventDate "2003.06.22"]

1. e4 e5 2. Nf3 Nc6 3. Bb5 Nf6 4. d3 d6 5. c3 g6 6. Nbd2 Bg7 7. Nf1 a6 8.
Bxc6+ bxc6 9. Ng3 O-O 10. O-O Nd7 11. d4 a5 12. dxe5 Nxe5 13. Nxe5 Bxe5 14.
Bh6 Bg7 15. Bxg7 Kxg7 16. f4 f5 17. Re1 c5 18. Qd2 fxe4 19. Rxe4 Bf5 20.
Nxf5+ Rxf5 21. Rae1 Rf7 22. Re6 Qd7 23. c4 Kg8 24. Qd5 Raf8 25. g3 a4 26.
h4 Kh8 27. Qd3 Kg8 28. R1e3 Qc6 29. Qe2 Qb7 30. Re7 a3 31. b3 Qb4 32. Rxf7
Rxf7 33. h5 Kg7 34. Qh2 Qb8 35. h6+ Kf8 36. Qh1 Qd8 37. Qd5 Re7 38. Qg5 Re8
39. Rxe8+ Kxe8 40. Qd5 Ke7 41. Qc6 Qd7 42. Qb7 Kf6 43. Qa8 Qe7 44. Kf2 g5
45. Kf3 gxf4 46. gxf4 Kg6 47. Qxa3 Kxh6 48. Qc1 Kg7 49. Qb2+ Kf7 50. Qc2
Kg7 51. Qg2+ Kf7 52. Qh3 Kg7 53. Qg4+ Kh8 54. Qc8+ Kg7 55. Qg4+ Kh8 56. a4
Qe8 57. Qf5 Qb8 58. Qf6+ Kg8 59. Qe6+ Kg7 60. Qe7+ Kg6 61. Kg4 Qc8+ 62. Kh4
Qb7 63. Qg5+ Kf7 64. Qd5+ 1-0

[Event "WJun"]
[Site "Nakhchivan AZE"]
[Date "2003.06.28"]
[Round "8"]
[White "Kritz,L"]
[Black "Mamedov,Rau"]
[Result "1-0"]
[WhiteElo "2468"]
[BlackElo "2330"]
[EventDate "2003.06.22"]

1. g3 Nf6 2. Bg2 g6 3. e4 d6 4. d4 Bg7 5. Ne2 O-O 6. O-O c5 7. dxc5 dxc5 8.
e5 Ng4 9. f4 Qb6 10. Nbc3 Be6 11. Nd5 Bxd5 12. Qxd5 Nc6 13. Qf3 Nh6 14. g4
Rad8 15. h3 f6 16. exf6 exf6 17. Qb3+ Qxb3 18. axb3 f5 19. g5 Nf7 20. Bxc6
bxc6 21. Rxa7 Rfe8 22. Ng3 c4 23. Rc7 cxb3 24. Rxc6 bxc2 25. Rxc2 Rd3 26.
Kg2 Nd6 27. Rf3 Rd1 28. Re3 Rb8 29. Re7 Rb3 30. Nf1 Bf8 31. Rd7 Rdd3 32. h4
Rh3 33. Rc6 Rhd3 34. Rd8 Ne4 35. Rxd3 Rxd3 36. Be3 Bg7 37. Rc8+ Kf7 38.
Rc7+ Kg8 39. Rb7 Rd1 40. b4 Rb1 41. Ng3 Nc3 1-0

[Event "WJun"]
[Site "Nakhchivan AZE"]
[Date "2003.06.28"]
[Round "8"]
[White "Bachin,V"]
[Black "Pantsulaia,L"]
[Result "1-0"]
[WhiteElo "2443"]
[BlackElo "2465"]
[EventDate "2003.06.22"]

1. e4 c6 2. c4 d5 3. exd5 Nf6 4. Nc3 cxd5 5. d4 e6 6. Nf3 Bb4 7. Bd3 O-O 8.
O-O dxc4 9. Bxc4 Nbd7 10. Qb3 Be7 11. Rd1 Nb6 12. Bg5 Nxc4 13. Qxc4 Bd7 14.
d5 Nxd5 15. Bxe7 Qxe7 16. Nxd5 exd5 17. Qc7 Qe8 18. Qxb7 Rb8 19. Qxa7 Rxb2
20. a4 Bg4 21. Qd4 Bxf3 22. gxf3 Qb8 23. a5 Rb4 24. Qxd5 Rb5 25. Qd2 Rh5
26. f4 Qa8 27. Ra3 Rh6 28. Rg3 Ra6 29. f5 Qe4 30. Qc3 g6 31. fxg6 fxg6 32.
f3 Qa4 33. Ra1 Qb5 34. Rg4 Qd5 35. Ra3 Rfa8 36. Rga4 Qg5+ 37. Kf2 Rd6 38.
Rg4 Rd2+ 39. Kg3 Qd8 40. h4 Qd6+ 41. Rf4 Rf8 42. Qb4 Rxf4 43. Qxd6 Rxf3+
44. Kxf3 Rxd6 45. a6 Rd8 46. a7 Ra8 47. Ke4 Kg7 48. Ra6 Kh6 49. Ra5 Kg7 50.
Kd5 h6 51. Kc6 Kf6 52. Kb7 1-0

[Event "WJun"]
[Site "Nakhchivan AZE"]
[Date "2003.06.28"]
[Round "8"]
[White "Werle,J"]
[Black "Dziuba,M"]
[Result "0-1"]
[WhiteElo "2404"]
[BlackElo "2450"]
[EventDate "2003.06.22"]

1. e4 c5 2. Nf3 Nc6 3. d4 cxd4 4. Nxd4 Nf6 5. Nc3 e5 6. Ndb5 d6 7. Bg5 a6
8. Na3 b5 9. Bxf6 gxf6 10. Nd5 f5 11. Bd3 f4 12. O-O Rg8 13. f3 Rb8 14. Kh1
Rg6 15. Qe1 Qg5 16. Qf2 Ne7 17. c4 b4 18. Nc2 Nxd5 19. exd5 Rh6 0-1

[Event "WJun"]
[Site "Nakhchivan AZE"]
[Date "2003.06.28"]
[Round "8"]
[White "Erenburg,S"]
[Black "Kuparadze,G"]
[Result "1-0"]
[WhiteElo "2499"]
[BlackElo "2227"]
[EventDate "2003.06.22"]

1. e4 c5 2. Nf3 e6 3. d3 Nc6 4. g3 d6 5. Bg2 g6 6. O-O Bg7 7. c3 Nf6 8. Re1
O-O 9. d4 cxd4 10. cxd4 d5 11. e5 Ne4 12. Nbd2 f5 13. exf6 Nxf6 14. Nb3 Ne4
15. Be3 Bd7 16. Rc1 Rc8 17. Nc5 Nxc5 18. Rxc5 Ne7 19. Rxc8 Qxc8 20. Qd2 Nf5
21. Bf4 Qd8 22. Be5 Bxe5 23. Nxe5 Bb5 24. Rc1 Nd6 25. b3 Nf7 26. Nxf7 Rxf7
27. Qe3 Qf6 28. Rc8+ Kg7 29. h4 Qe7 30. Bh3 Bd7 31. Rc7 Qd6 32. Rxb7 Bc6
33. Rxf7+ Kxf7 34. h5 Be8 35. hxg6+ hxg6 36. Bf1 a6 37. Bd3 Bb5 38. Bb1 a5
39. Qg5 e5 40. Qxe5 Qxe5 41. dxe5 d4 42. f4 g5 43. Kf2 Ke6 44. Be4 g4 45.
Ke1 a4 46. bxa4 Bxa4 47. Kd2 Bb5 48. Bd3 Ba4 49. Bc4+ Kf5 50. Kd3 Bb3 51.
Bxb3 1-0

[Event "WJun"]
[Site "Nakhchivan AZE"]
[Date "2003.06.28"]
[Round "8"]
[White "Sadykov,R"]
[Black "Pacheco,M"]
[Result "1-0"]
[WhiteElo "2416"]
[BlackElo "2349"]
[EventDate "2003.06.22"]

1. e4 e6 2. d4 d5 3. Nc3 Bb4 4. e5 c5 5. a3 Bxc3+ 6. bxc3 Qc7 7. Qg4 f5 8.
Qg3 cxd4 9. cxd4 Ne7 10. Bd2 O-O 11. Bd3 Nbc6 12. Ne2 Bd7 13. Rb1 Be8 14.
h4 f4 15. Bxf4 Bh5 16. c3 Na5 17. O-O Nf5 18. Qh3 Bxe2 19. Bxe2 Rac8 20.
Bd2 Nc4 21. Bc1 Qe7 22. h5 Rf7 23. a4 Rcf8 24. h6 gxh6 25. Bxh6 Nxh6 26.
Qxh6 Na5 27. Bg4 Re8 28. Bh5 1-0

[Event "WJun"]
[Site "Nakhchivan AZE"]
[Date "2003.06.28"]
[Round "8"]
[White "Rohit,G"]
[Black "Mastrovasilis,D"]
[Result "0-1"]
[WhiteElo "2357"]
[BlackElo "2456"]
[EventDate "2003.06.22"]

1. e4 c5 2. Nf3 e6 3. d4 cxd4 4. Nxd4 Nc6 5. Nc3 Qc7 6. Be2 a6 7. O-O Nf6
8. Be3 Bb4 9. Na4 O-O 10. Nxc6 bxc6 11. Nb6 Rb8 12. Nxc8 Rfxc8 13. Bxa6 Rf8
14. Bd3 Bd6 15. g3 Be5 16. f4 Bxb2 17. Rb1 e5 18. Qf3 Qa5 19. Rbd1 Qxa2 20.
fxe5 Bxe5 21. Bg5 Rbe8 22. Kh1 Qe6 23. Bxf6 Bxf6 24. Qf5 Be5 25. Be2 Re7
26. Qxe6 fxe6 27. Rxf8+ Kxf8 28. c4 g6 29. Kg2 Rg7 30. Rd3 Ke7 31. g4 g5
32. c5 Rf7 33. Bd1 h6 34. Rh3 Bd4 35. Rxh6 Rf2+ 36. Kg3 Rd2 37. Ba4 Bxc5
38. Kf3 Rf2+ 39. Kg3 Ra2 40. Rh7+ Kd8 41. Bd1 Rd2 42. Ba4 Bd6+ 43. Kf3 Bxh2
44. Rh5 Bf4 45. Rh1 Rd3+ 46. Kf2 Rd4 0-1

[Event "WJun"]
[Site "Nakhchivan AZE"]
[Date "2003.06.28"]
[Round "8"]
[White "Murariu,A"]
[Black "Mahesh Chandran,P"]
[Result "1/2-1/2"]
[WhiteElo "2347"]
[BlackElo "2419"]
[EventDate "2003.06.22"]

1. e4 e5 2. Nf3 Nc6 3. Nc3 Nf6 4. d4 exd4 5. Nxd4 Bb4 6. Nxc6 bxc6 7. Bd3
d5 8. exd5 cxd5 9. O-O O-O 10. Bg5 c6 11. Qf3 Re8 12. Na4 Be6 13. b3 Bd6
14. Rfe1 h6 15. Bxf6 Qxf6 16. Qxf6 gxf6 17. Rad1 Rab8 18. h3 Kf8 19. Re2
Bb4 20. c3 Ba3 21. f4 c5 22. Bc2 Rbd8 23. Kf2 Bc8 24. Rxe8+ Kxe8 25. Rd2
Ba6 26. Bd3 c4 27. Bf1 Ke7 28. g3 Bb5 29. Bg2 Bxa4 30. bxa4 Bc5+ 31. Ke2
Ke6 32. a5 d4 33. cxd4 Bxd4 34. Rc2 Rc8 35. Be4 f5 36. Bb7 Rc7 37. a6 Kd6
38. Kf3 Kc5 39. g4 Re7 40. Re2 fxg4+ 41. hxg4 Rc7 42. g5 hxg5 43. fxg5 Kb4
44. Be4 Rc5 45. g6 fxg6 46. Bxg6 Rc6 47. Bh7 Rxa6 48. Rc2 Bc3 49. Be4 Rd6
50. Ke2 a5 51. Bf5 Be5 52. Bh7 Rh6 53. Bg8 Bc3 54. Bd5 Kc5 55. Bf7 Kd4 56.
Bg8 Rh2+ 57. Kd1 Rh1+ 58. Ke2 Re1+ 59. Kf3 Re3+ 60. Kf4 Re7 61. Rh2 Bb4 62.
Kf3 Re3+ 63. Kf2 c3 64. Rh4+ Re4 65. Rxe4+ Kxe4 66. Bh7+ 1/2-1/2

[Event "WJun"]
[Site "Nakhchivan AZE"]
[Date "2003.06.28"]
[Round "8"]
[White "Jirka,J"]
[Black "Esplana,C"]
[Result "1-0"]
[WhiteElo "2394"]
[BlackElo "2367"]
[EventDate "2003.06.22"]

1. d4 Nf6 2. c4 e6 3. g3 c5 4. d5 exd5 5. cxd5 d6 6. Nc3 g6 7. Bg2 Bg7 8.
Nf3 O-O 9. O-O Re8 10. Nd2 Nbd7 11. h3 a6 12. a4 b6 13. e4 Rb8 14. Nc4 Ne5
15. Na3 Qc7 16. f4 Ned7 17. Qd3 b5 18. axb5 c4 19. Qxc4 Qa7+ 20. Kh2 axb5
21. Ncxb5 Rxb5 22. Qxb5 Ba6 23. Qa5 Qb7 24. Re1 Nc5 25. Nc2 Bd3 26. e5 Nfd7
27. Nd4 dxe5 28. b4 Ne4 29. Nc6 exf4 30. Bxf4 Bxa1 31. Qxa1 f5 32. Qd4 Qb5
33. Bh6 Ndf6 34. Bxe4 Bxe4 35. Qxf6 Qb7 36. d6 Qf7 37. Qxf7+ Kxf7 38. d7
Ra8 1-0

[Event "WJun"]
[Site "Nakhchivan AZE"]
[Date "2003.06.28"]
[Round "8"]
[White "Deepan,C"]
[Black "Kozak,L"]
[Result "1/2-1/2"]
[WhiteElo "2379"]
[BlackElo "2178"]
[EventDate "2003.06.22"]

1. e4 e5 2. Nf3 Nc6 3. Bb5 a6 4. Ba4 Nf6 5. O-O Be7 6. Re1 b5 7. Bb3 d6 8.
c3 O-O 9. h3 Nb8 10. d4 Nbd7 11. Nbd2 Bb7 12. Bc2 Re8 13. b3 Bf8 14. Bb2 g6
15. a4 Bg7 16. a5 c5 17. d5 Nh5 18. Nf1 f6 19. Bc1 Bc8 20. Kh2 Bf8 21. Ng1
Be7 22. Ne2 Nf8 23. Nfg3 Nxg3 24. Nxg3 Nd7 25. h4 Bf8 26. h5 Bg7 27. Rh1
Nf8 28. Kg1 Ra7 29. Be3 Rb7 30. Qd2 b4 31. hxg6 hxg6 32. c4 Bh8 33. f3 Ree7
34. f4 Rh7 35. Rxh7 Nxh7 36. f5 g5 37. Kf2 Nf8 38. Bd3 Rh7 39. Qa2 Bd7 40.
Be2 Be8 41. Rh1 Rxh1 42. Nxh1 Qe7 43. g3 Qh7 44. Kg2 Bg7 45. Nf2 Bh8 46.
Nd3 Qc7 47. Qd2 Qxa5 48. Bxg5 Nh7 49. Be3 Qa1 50. Qb2 Qxb2 51. Nxb2 Bg7 52.
Kh3 Ng5+ 53. Bxg5 fxg5 54. Kg4 1/2-1/2

[Event "WJun"]
[Site "Nakhchivan AZE"]
[Date "2003.06.28"]
[Round "8"]
[White "Hanley,C"]
[Black "Safarli,E"]
[Result "1/2-1/2"]
[WhiteElo "2375"]
[BlackElo "2201"]
[EventDate "2003.06.22"]

1. e4 c5 2. c3 d5 3. exd5 Qxd5 4. d4 Nf6 5. Nf3 Bg4 6. dxc5 Qxd1+ 7. Kxd1
e5 8. b4 e4 9. h3 Bh5 10. g4 Nxg4 11. hxg4 Bxg4 12. Nbd2 exf3 13. Bd3 Nc6
14. Re1+ Be7 15. Kc2 Be6 16. Nxf3 O-O-O 17. Ng5 Bxg5 18. Bxg5 Rd5 19. Bf4
Bf5 20. Bxf5+ Rxf5 21. Bg3 h5 22. Re2 h4 23. Bd6 Nd8 24. a4 Ne6 25. a5 a6
1/2-1/2

[Event "WJun"]
[Site "Nakhchivan AZE"]
[Date "2003.06.28"]
[Round "8"]
[White "Arun Prasad,S"]
[Black "Geirnaert,S"]
[Result "1/2-1/2"]
[WhiteElo "2275"]
[BlackElo "2289"]
[EventDate "2003.06.22"]

1. Nf3 d5 2. b3 h6 3. Bb2 Bf5 4. g3 e6 5. Bg2 Nf6 6. O-O Be7 7. d3 O-O 8.
Nbd2 c6 9. Re1 Bh7 10. e4 dxe4 11. dxe4 Nbd7 12. Qe2 Qc7 13. Rad1 Rfd8 14.
a3 Bc5 15. b4 Be7 16. e5 Nd5 17. c4 N5b6 18. c5 Nd5 19. Nc4 a5 20. Nxa5
Nxc5 21. Nc4 Na4 22. h4 Bf8 23. Kh2 Ra6 24. Qd2 b5 25. Ne3 Nxe3 26. Qxd8
Ng4+ 27. Kg1 Qxd8 28. Rxd8 Nxb2 29. Nd4 Nd3 30. Rf1 Ndxe5 31. f4 Nd3 32.
Nxc6 g5 33. hxg5 hxg5 34. f5 Nde5 35. fxe6 Kg7 36. e7 Bxe7 37. Nxe7 Rxa3
38. Nf5+ Bxf5 39. Rxf5 f6 40. Rf1 Rxg3 41. Rb8 f5 42. Rxf5 Rxg2+ 43. Kxg2
Ne3+ 44. Kg1 Nxf5 45. Rxb5 Kf6 46. Rb6+ Ke7 47. b5 g4 48. Rb8 Nd6 49. Ra8
Nxb5 50. Ra5 Nf3+ 51. Kf2 Nbd4 52. Kg3 Nc6 53. Ra4 Nce5 54. Rxg4 Nxg4 55.
Kxg4 1/2-1/2

[Event "WJun"]
[Site "Nakhchivan AZE"]
[Date "2003.06.28"]
[Round "8"]
[White "Gupta,A"]
[Black "Jatautis,D"]
[Result "0-1"]
[WhiteElo "2335"]
[BlackElo "2149"]
[EventDate "2003.06.22"]

1. d4 g6 2. c4 Bg7 3. Nc3 Nf6 4. e4 O-O 5. Be3 c5 6. d5 d6 7. Be2 e6 8. Nf3
exd5 9. cxd5 Re8 10. Nd2 Na6 11. O-O Nc7 12. a4 b6 13. Bg5 Rb8 14. f4 Qd7
15. Bf3 a6 16. e5 dxe5 17. Bxf6 Bxf6 18. Nde4 Bg7 19. d6 Ne6 20. Nd5 Qd8
21. fxe5 Bxe5 22. Bh5 Kg7 23. Ndf6 Rf8 24. Bg4 Bb7 25. Qb3 Ng5 26. Nd7 Bd4+
27. Nf2 Ne4 28. Nxf8 Qh4 29. g3 Qxg4 30. Rad1 Nxf2 31. Rxf2 Rxf8 32. Rxd4
Qxd4 33. Qxb6 Qe4 34. Kf1 Qb1+ 0-1

[Event "WJun"]
[Site "Nakhchivan AZE"]
[Date "2003.06.28"]
[Round "8"]
[White "Monroy,C"]
[Black "Olsson,L"]
[Result "0-1"]
[WhiteElo "2294"]
[BlackElo "2252"]
[EventDate "2003.06.22"]

1. e4 c5 2. Nf3 d6 3. d4 cxd4 4. Nxd4 Nf6 5. Nc3 a6 6. Be3 e5 7. Nb3 Be6 8.
f3 Nbd7 9. g4 Nb6 10. g5 Nh5 11. Qd2 Be7 12. O-O-O Rc8 13. Kb1 O-O 14. Rg1
Qc7 15. Qf2 Nc4 16. Bxc4 Qxc4 17. Nd2 Qc6 18. Nf1 f5 19. Qh4 g6 20. Ng3 Ng7
21. Bc1 b5 22. Rg2 b4 23. Nd5 Bxd5 24. exd5 Qb5 25. f4 Rc5 26. Rgd2 Rc4 27.
Re2 e4 28. Be3 Rfc8 29. Red2 h5 30. Bd4 Bf8 31. Qh3 R4c7 32. Bf6 a5 33. Ne2
a4 34. Qe3 Rb7 35. Nc1 Ne8 36. Ne2 Nc7 37. Ng3 Na6 38. Rg1 b3 39. cxb3 axb3
40. a3 Nc5 41. Rc1 Rbc7 42. Rc3 Nd3 43. Nxe4 fxe4 44. Qxe4 Ne5 45. Rd1 Rc4
46. Qe2 Nf7 47. Qd3 Kh7 48. f5 Nh8 49. Rxb3 Qd7 50. Rf1 gxf5 51. Rxf5 Ng6
52. Qf3 Kg8 53. Qf2 Rc2 54. Qf3 Nh4 55. Qxh5 Qxf5 56. Ka2 Qh7 57. Qg4 R2c4
58. Qh3 Qf5 59. Qe3 Qxd5 0-1

[Event "WJun"]
[Site "Nakhchivan AZE"]
[Date "2003.06.28"]
[Round "8"]
[White "Masse,H"]
[Black "Agayev,N"]
[Result "1/2-1/2"]
[WhiteElo "2120"]
[BlackElo "2116"]
[EventDate "2003.06.22"]

1. d4 c5 2. d5 Nf6 3. c4 d6 4. Nc3 g6 5. e4 Bg7 6. Nf3 O-O 7. Be2 Re8 8.
O-O e6 9. Re1 exd5 10. exd5 Bf5 11. h3 Na6 12. Bf4 Nc7 13. Qd2 Ne4 14. Nxe4
Bxe4 15. Ng5 Qf6 16. Bf1 Bf5 17. g4 h6 18. Nxf7 Kxf7 19. gxf5 gxf5 20. Rab1
Rg8 21. Kh2 Qg6 22. Be2 Bc3 23. Bh5 Bxd2 24. Bxg6+ Rxg6 25. Bxd2 Rag8 26.
Rg1 Rxg1 27. Rxg1 Rxg1 28. Kxg1 h5 29. Kg2 Ne8 30. Kg3 Nf6 31. f3 Kg6 32.
Bf4 Ne8 33. Kh4 Ng7 34. Kg3 Ne8 35. a3 a5 36. b3 Kf6 37. Bd2 b6 38. Bf4 Kf7
39. Bg5 Nf6 40. Kh4 Nd7 41. Bf4 Kg6 42. Bxd6 Nf6 43. Be5 Nd7 44. Bc3 f4 45.
Bd2 Ne5 46. Bxf4 Nxf3+ 47. Kg3 Nd4 48. Bc7 Nxb3 49. Bxb6 Kf5 50. Kh4 Kg6
51. d6 Nd4 52. Kg3 Nf5+ 53. Kf4 Nxd6 54. Bxc5 Nxc4 55. Ke4 Kf6 56. Kd5 Nd2
57. Kc6 Ke6 58. Kb5 Kd5 59. Be3 Nc4 60. Bc1 Kd4 61. a4 Kc3 62. Bg5 Kb3 63.
Bf6 Na3+ 64. Kxa5 Nc4+ 65. Kb5 Na3+ 66. Kc5 Kxa4 67. Kd5 Kb5 68. Ke6 Kc6
69. Kf5 Kd5 70. Kg5 Ke6 1/2-1/2

[Event "WJun"]
[Site "Nakhchivan AZE"]
[Date "2003.06.28"]
[Round "8"]
[White "Baladjaev,G"]
[Black "Wang,H"]
[Result "0-1"]
[WhiteElo "2177"]
[BlackElo "2226"]
[EventDate "2003.06.22"]

1. d4 Nf6 2. c4 e6 3. Nf3 c5 4. d5 exd5 5. cxd5 d6 6. Nc3 g6 7. h3 Bg7 8.
Bg5 O-O 9. e3 a6 10. a4 Qb6 11. Qd2 Bf5 12. a5 Qc7 13. Be2 Ne4 14. Nxe4
Bxe4 15. O-O Nd7 16. Bh4 h6 17. Ra4 Rfe8 18. Rc1 b5 19. axb6 Qxb6 20. b4
Reb8 21. Rc4 Bxf3 22. gxf3 Ne5 23. Rc1 cxb4 24. f4 Nd7 25. Rc6 Qb7 26. Bxa6
Rxa6 27. Rcxa6 b3 28. Ra7 Qc8 29. Ra1 Bxa1 30. Rxa1 Qc2 31. Qe1 b2 32. Rb1
Rc8 33. Kh2 Qc1 34. f3 Rc2+ 35. Kg1 Qxb1 36. Qxb1 Rc1+ 0-1

[Event "WJun"]
[Site "Nakhchivan AZE"]
[Date "2003.06.28"]
[Round "8"]
[White "Agaragimov,D"]
[Black "Osttveit,M"]
[Result "1/2-1/2"]
[WhiteElo "2252"]
[BlackElo "2084"]
[EventDate "2003.06.22"]

1. d4 g6 2. c4 Bg7 3. Nc3 Nf6 4. e4 d6 5. Nf3 O-O 6. Be2 e5 7. O-O Na6 8.
Re1 Qe8 9. Bf1 Bg4 10. d5 Nb4 11. Be2 a5 12. h3 Bxf3 13. Bxf3 h6 14. Be3
Nh7 15. a3 Na6 16. Qd2 Nc5 17. Bd1 h5 18. b3 f5 19. Bh6 f4 20. Bxg7 Kxg7
21. Rb1 g5 22. b4 axb4 23. axb4 Na6 24. Be2 Qg6 25. f3 Nf6 26. Qd1 1/2-1/2

[Event "WJun"]
[Site "Nakhchivan AZE"]
[Date "2003.06.29"]
[Round "9"]
[White "Mamedyarov,S"]
[Black "Gashimov,V"]
[Result "1-0"]
[WhiteElo "2607"]
[BlackElo "2579"]
[EventDate "2003.06.22"]

1. e4 c6 2. d4 d5 3. e5 Bf5 4. h4 h5 5. c4 e6 6. Nc3 dxc4 7. Bxc4 Nd7 8.
Nge2 Nb6 9. Bb3 Be7 10. g3 g5 11. hxg5 Bxg5 12. Nf4 h4 13. g4 Bh7 14. Be3
Bxf4 15. Bxf4 Nd5 16. Bxd5 exd5 17. Qd2 Be4 18. Rh3 Bg2 19. Re3 h3 20. Bh2
Qh4 21. O-O-O Qxg4 22. e6 f6 23. Rg3 Qh4 24. Ne2 Ne7 25. Qb4 b6 26. Qd6 Rd8
27. Qc7 Qh7 28. Nf4 Rg8 29. Rxg8+ Qxg8 30. Rd3 Qh7 31. Rg3 Be4 32. Rxh3 Qg7
33. Bg3 f5 34. Bh4 Qg1+ 35. Kd2 1-0

[Event "WJun"]
[Site "Nakhchivan AZE"]
[Date "2003.06.29"]
[Round "9"]
[White "Zubov,A UKR"]
[Black "Izoria,Z"]
[Result "1-0"]
[WhiteElo "2494"]
[BlackElo "2569"]
[EventDate "2003.06.22"]

1. d4 Nf6 2. c4 g6 3. Nc3 Bg7 4. e4 O-O 5. f4 d6 6. Nf3 c5 7. dxc5 Qa5 8.
Bd3 Qxc5 9. Qe2 Bg4 10. Be3 Qa5 11. O-O Nc6 12. Kh1 Rac8 13. a3 Nd7 14. b4
Qd8 15. Rac1 a5 16. Qb2 Nb6 17. Qf2 Nd7 18. b5 Ncb8 19. Na4 Bxf3 20. Qxf3
b6 21. Rfd1 Qc7 22. h4 h5 23. Rg1 Qb7 24. g4 hxg4 25. Rxg4 Nf6 26. Rg5 Nbd7
27. Rcg1 Bh6 28. Rd5 Kg7 29. Bd4 Rh8 30. f5 Ne5 31. Rxe5 dxe5 32. Bxe5 Bd2
33. Rg4 Be1 34. fxg6 fxg6 35. Bxf6+ exf6 36. Rxg6+ 1-0

[Event "WJun"]
[Site "Nakhchivan AZE"]
[Date "2003.06.29"]
[Round "9"]
[White "Ganguly,S"]
[Black "Kritz,L"]
[Result "1-0"]
[WhiteElo "2542"]
[BlackElo "2468"]
[EventDate "2003.06.22"]

1. e4 e5 2. Nf3 Nc6 3. Bb5 Nf6 4. O-O Nxe4 5. d4 Nd6 6. Bxc6 dxc6 7. dxe5
Nf5 8. Qxd8+ Kxd8 9. Nc3 Ke8 10. Rd1 Be7 11. Bg5 Bxg5 12. Nxg5 Ke7 13. Rd3
h6 14. Nf3 g6 15. Rad1 Ng7 16. h3 Bf5 17. R3d2 Rad8 18. Nd4 Bc8 19. f4 Ne6
20. Nde2 Rxd2 21. Rxd2 Ng7 22. Ne4 Bf5 23. Nf6 Ne8 24. g4 Bc8 25. Nxe8 Rxe8
26. Ng3 Rg8 27. Ne4 Be6 28. a3 a5 29. Kf2 Rh8 30. Nf6 h5 31. gxh5 Bxh3 32.
h6 Be6 33. Kg3 b6 34. h7 Bd5 35. Kh4 Kf8 36. c4 1-0

[Event "WJun"]
[Site "Nakhchivan AZE"]
[Date "2003.06.29"]
[Round "9"]
[White "Dziuba,M"]
[Black "Azarov,S"]
[Result "0-1"]
[WhiteElo "2450"]
[BlackElo "2530"]
[EventDate "2003.06.22"]

1. d4 Nf6 2. c4 e6 3. Nc3 Bb4 4. Qc2 O-O 5. a3 Bxc3+ 6. Qxc3 b6 7. Bg5 Bb7
8. f3 d6 9. Nh3 Nbd7 10. e4 c5 11. d5 exd5 12. cxd5 a6 13. Be2 h6 14. Be3
Qe7 15. Rd1 Rae8 16. Kf2 Ne5 17. Qc1 Neg4+ 18. fxg4 Nxe4+ 19. Kg1 Nf6 20.
Kf2 Ne4+ 21. Kg1 Nf6 22. Kf2 Nxd5 23. Rxd5 Bxd5 24. Nf4 Be4 25. Rd1 d5 26.
Nxd5 Qh4+ 27. Kg1 Bxd5 28. Bf2 Qe7 29. Bxa6 Qe4 30. Bf1 Bc6 31. h3 Rd8 32.
Re1 Qd5 33. b4 cxb4 34. axb4 b5 35. Qb2 Rfe8 36. Rc1 Bb7 37. Bc5 Ra8 38.
Qd4 Qxd4+ 39. Bxd4 Ra2 40. Bf2 Rd8 41. Be3 Rb2 42. Bc5 Ra8 43. Rd1 Bc6 44.
Rd6 Be4 45. Rd4 Bc6 46. Rd6 Rc8 47. Kh2 Be4 48. Rd4 Re8 49. Kg3 g5 50. Rd6
Kh7 51. Rf6 Bd5 52. h4 Ra8 53. hxg5 hxg5 54. Bd3+ Kg7 55. Bd4 Rxg2+ 56. Kh3
Rh8+ 57. Rh6+ Kxh6 58. Bxh8 Rg1 59. Be5 Bc4 60. Bf5 Be6 61. Bh2 Re1 62. Bc2
Re2 63. Bd1 Rd2 64. Bf3 Bd5 0-1

[Event "WJun"]
[Site "Nakhchivan AZE"]
[Date "2003.06.29"]
[Round "9"]
[White "Bachin,V"]
[Black "Sadykov,R"]
[Result "1/2-1/2"]
[WhiteElo "2443"]
[BlackElo "2416"]
[EventDate "2003.06.22"]

1. e4 c5 2. Nc3 d6 3. g3 Nc6 4. Bg2 g6 5. f4 Bg7 6. Nf3 e6 7. O-O Nge7 8.
d3 O-O 9. Bd2 b6 10. h3 Bb7 11. g4 Qd7 12. Rb1 f5 13. Ne2 e5 14. gxf5 gxf5
15. Nh4 d5 16. exf5 Nxf5 17. Nxf5 Rxf5 18. Ng3 Rf7 19. Qh5 Raf8 20. fxe5
Nxe5 21. Bh6 Bxh6 22. Qxh6 Nf3+ 23. Kh1 Qc7 24. Rxf3 Rxf3 25. Bxf3 Rxf3 26.
Re1 d4 27. Ne4 Rf2 28. Qe6+ Kf8 29. Qh6+ 1/2-1/2

[Event "WJun"]
[Site "Nakhchivan AZE"]
[Date "2003.06.29"]
[Round "9"]
[White "Kanep,M"]
[Black "Erenburg,S"]
[Result "0-1"]
[WhiteElo "2446"]
[BlackElo "2499"]
[EventDate "2003.06.22"]

1. d4 d5 2. c4 c6 3. Nf3 Nf6 4. Qc2 dxc4 5. Qxc4 Bf5 6. g3 e6 7. Bg2 Nbd7
8. O-O Be7 9. Nc3 O-O 10. e3 Ne4 11. Qe2 Nxc3 12. bxc3 Be4 13. Bb2 c5 14.
Rfd1 Qc7 15. Bf1 Rac8 16. Nd2 Bc6 17. e4 Nb6 18. Rac1 Rfd8 19. Bg2 Ba4 20.
Re1 Qd7 21. d5 exd5 22. exd5 Bf6 23. d6 Re8 24. Ne4 Be5 25. Qh5 f5 26. f4
Bxd6 27. Nxd6 Qxd6 28. Qxf5 Qd2 29. Be4 Rxe4 30. Rxe4 Qxb2 31. Qe6+ Kh8 32.
Rce1 Rg8 33. Qe5 Nd7 34. Qd6 Bc6 35. R4e2 Qxc3 36. Re8 Nf6 37. Rxg8+ Nxg8
38. Qd1 c4 39. Qe2 h6 40. Rd1 Bf3 41. Qd2 Qa3 42. Rc1 Bc6 43. Rxc4 Qf3 44.
Rc1 Qh1+ 45. Kf2 Qxh2+ 46. Ke1 Qxg3+ 47. Ke2 Nf6 48. Qd8+ Kh7 49. Qc8 Qg2+
50. Kd1 Be4 51. Qe6 Nd5 52. Rc8 Qg1+ 53. Kd2 Qe3+ 0-1

[Event "WJun"]
[Site "Nakhchivan AZE"]
[Date "2003.06.29"]
[Round "9"]
[White "Mastrovasilis,D"]
[Black "Jirka,J"]
[Result "1-0"]
[WhiteElo "2456"]
[BlackElo "2394"]
[EventDate "2003.06.22"]

1. e4 e5 2. Nf3 Nc6 3. Bb5 Nd4 4. Nxd4 exd4 5. O-O Bc5 6. d3 c6 7. Ba4 d6
8. Bb3 a5 9. a4 Ne7 10. f4 f5 11. Nd2 d5 12. exd5 cxd5 13. Qh5+ g6 14. Qh6
Be6 15. Nf3 Qd6 16. Re1 Rf8 17. Bd2 Bg8 18. Re2 Qc7 19. Ng5 O-O-O 20. Nxh7
Bxh7 21. Qxh7 Rg8 22. Qf7 Rgf8 23. Qe6+ Kb8 24. Rae1 Nc6 25. Qxg6 Nb4 26.
g3 Bd6 27. Qh5 Rc8 28. Qf3 Qc5 29. Kg2 Qb6 30. Bxb4 Bxb4 31. Re6 Rc6 32.
Re8+ Ka7 33. Rxf8 1-0